Roget's international thesaurus of English words and phrases: (Record no. 953)

000 -LEADER
fixed length control field 00714nam a2200169 a 4500
001 - CONTROL NUMBER
control field :::00014132$&:&@@
003 - CONTROL NUMBER IDENTIFIER
control field OkBaRHE
005 - DATE AND TIME OF LATEST TRANSACTION
control field 20100325145432.0
008 - FIXED-LENGTH DATA ELEMENTS--GENERAL INFORMATION
fixed length control field s1930 j 000 0 eng u
040 ## - CATALOGING SOURCE
Transcribing agency
100 1# - MAIN ENTRY--PERSONAL NAME
Personal name Mawson, Christopher Orlando Sylvester. 1870-1938.
245 10 - TITLE STATEMENT
Title Roget's international thesaurus of English words and phrases:
Remainder of title a complete book of synonyms and antonyms founded upon and embodying Roget's original work with numerous additions and modernizations.
260 ## - PUBLICATION, DISTRIBUTION, ETC. (IMPRINT)
Place of publication, distribution, etc New York, NY., :
Name of publisher, distributor, etc Thomas Y. Crowell Company
Date of publication, distribution, etc 1930
300 ## - PHYSICAL DESCRIPTION
Extent 741 p. ;
Dimensions 24 cm.
942 ## - ADDED ENTRY ELEMENTS (KOHA)
Source of classification or shelving scheme
Koha item type Books
Copies
Lost status Shelving location Full call number Koha item type Copy number Date last seen Withdrawn status Source of classification or shelving scheme Permanent Location Damaged status Collection code Price effective from Date acquired Barcode Not for loan
 General StacksPE 1591 .L43Books12010-04-14  RHEMA Bible Training College Reference2010-04-142010-04-1414132